000 00858nam a2200133Ia 4500
008 220216s9999 xx 000 0 und d
100 _aGnanaharan R
245 0 _aPreliminary note on the fungal problem of rubber wood
260 _bInternational Research Group on Wood Preservation Working Group III: Preservatives and Methods of treatment, 14th Annual Meeting, 9-13 May 1983
_c1983
520 _aSusceptibility of rubber wood to fungal attack limits its wider utilisation. Fungal problems encountered in treating rubber wood with boron compounds by diffusion process have been discussed. Sodium pentachlorophenoxide and 2-thiocyanomethylthio benzothioazole (TCMTB) were investigated for possible control of fungal growth during diffusion storage and their performance has been reported.
650 _aBoron diffusion
650 _aRubberwood
942 _cBO
999 _c48089
_d48089